Southville International School and Colleges
Your cart is empty.
  • Cart
  • Lists
    Public lists Eva Luna New books Lux_list list_1
    Your lists Log in to create your own lists
  • Log in to your account
  • Your cookies
  • Search history
Southville International School and Colleges
  • Advanced search
  • Recent comments
  • Most popular
  • Libraries

Log in to your account

Log in with GOOGLE


If you do not have an external account, but do have a local account, you can still log in:

  1. Home
  2. MARC view: Amazing magic tricks /
Normal view MARC view ISBD view

Amazing magic tricks / (Record no. 12300)

[ view plain ]
MARC details
000 -LEADER
fixed length control field 00586nam a22002057a 4500
003 - CONTROL NUMBER IDENTIFIER
control field OSt
005 - DATE AND TIME OF LATEST TRANSACTION
control field 20140310182349.0
008 - FIXED-LENGTH DATA ELEMENTS--GENERAL INFORMATION
fixed length control field 130928t xxu||||| |||| 00| 0 eng d
020 ## - INTERNATIONAL STANDARD BOOK NUMBER
International Standard Book Number 9780751352740
050 ## - LIBRARY OF CONGRESS CALL NUMBER
Classification number GV 1548
Item number .B766 1995
082 ## - DEWEY DECIMAL CLASSIFICATION NUMBER
Classification number GS 793.8
Item number B81 1995
100 ## - MAIN ENTRY--PERSONAL NAME
Personal name Brown, Dave
9 (RLIN) 22082
245 ## - TITLE STATEMENT
Title Amazing magic tricks /
Statement of responsibility, etc Dave Brown & Paul Reeve.
260 ## - PUBLICATION, DISTRIBUTION, ETC. (IMPRINT)
Place of publication, distribution, etc London :.
Name of publisher, distributor, etc Dorling Kindersley,
Date of publication, distribution, etc c1995.
300 ## - PHYSICAL DESCRIPTION
Extent 47 p. :
Other physical details ill, ;
Dimensions 34 cm.
541 ## - IMMEDIATE SOURCE OF ACQUISITION NOTE
-- 1
562 ## - COPY AND VERSION IDENTIFICATION NOTE
Number of copies 1
650 ## - SUBJECT ADDED ENTRY--TOPICAL TERM
Topical term or geographic name as entry element Magic tricks
General subdivision Juvenile Literature.
9 (RLIN) 22083
942 ## - ADDED ENTRY ELEMENTS (KOHA)
Source of classification or shelving scheme Library of Congress Classification
Koha item type
Holdings
Withdrawn status Lost status Source of classification or shelving scheme Damaged status Home library Current library Shelving location Date acquired Total Checkouts Full call number Barcode Date last seen Copy number Price effective from Koha item type
    Library of Congress Classification   Luxembourg Library Luxembourg Library Grade School Section 09/28/2013   GV 1548 .B766 1995 2988 10/28/2015 1 09/28/2013 Books

Amazing magic tricks /

APA

Brown D., . (1995). Amazing magic tricks. London: Dorling Kindersley.

Chicago

Brown Dave, . 1995. Amazing magic tricks. London: Dorling Kindersley.

Harvard

Brown D., . (1995). Amazing magic tricks. London: Dorling Kindersley.

MLA

Brown Dave, . Amazing magic tricks. London: Dorling Kindersley. 1995.

  • Place hold
  • Print
  • Cite
  • Add to your cart (remove)
  • Save record
    BIBTEX Dublin Core MARCXML MARC (non-Unicode/MARC-8) MARC (Unicode/UTF-8) MARC (Unicode/UTF-8, Standard) MODS (XML) RIS
  • More searches
    Search for this title in:
    Other Libraries (WorldCat) Other Databases (Google Scholar) Online Stores (Bookfinder.com) Open Library (openlibrary.org)

Exporting to Dublin Core...

SOUTHVILLE LIBRARY

Southville International School and Colleges Library

1281 Tropical Ave. Cor. Luxembourg St., BF Homes International, Las Pinas City

Tel. No. 8256374 / 252358 Loc. 117/146

Powered by Koha